The state and the global ecological crisis

Αποθηκεύτηκε σε:
Λεπτομέρειες βιβλιογραφικής εγγραφής
Άλλοι συγγραφείς: Barry, John, 1966- (Επιμελητής έκδοσης), Eckersley, Robyn, 1958- (Επιμελητής έκδοσης)
Μορφή: Βιβλίο
Γλώσσα:English
Δημοσίευση: Cambridge, MA : M.I.T. Press, [2005]
Θέματα:
Ετικέτες: Προσθήκη ετικέτας
Δεν υπάρχουν, Καταχωρήστε ετικέτα πρώτοι!

MARC

LEADER 00000cam a2200000 i 4500
001 1/42882
008 070329s2005 eng d
020 |a 0-262-52435-X (pbk.: alk. paper) 
035 |l 10087465 
040 |a GR-MY-UA  |b gre  |e aacr 
041 0 |a eng 
082 0 |a 363.70526  |2 (22) 
245 1 4 |a The state and the global ecological crisis /  |c edited by John Barry and Robyn Eckersley 
260 |a Cambridge, MA :   |b M.I.T. Press,   |c [2005] 
300 |a xxv, 307 σ.;  |c 23 εκ. 
504 |a Περιλαμβάνει βιβλιογραφικές παραπομπές 
504 |a Περιέχει ευρετήριο 
650 0 0 |a Environmental policy. 
650 0 0 |a International economic relations  |x Environmental aspects. 
700 1 |a Barry, John,   |d 1966-  |4 edt 
700 1 |a Eckersley, Robyn,   |d 1958-  |4 edt 
852 |a INST  |b LESVOS  |e 20070329  |h 363.70526 STA  |p 005100036962  |q 005100036962  |t BK  |y 0 
852 |a INST  |b LESVOS  |e 20080505  |h 363.70526 STA  |p 005100038607  |q 005100038607  |t BK  |y 0 
901 |a BIBL1-2007-1 
901 |a BIBL1-2008-2 
909 |a Λ  |b 132442 
909 |a Λ  |b 143034 
922 |a 1ΕΛΗ  |b 200712  |c ΕΠΕΑΕΚ2/ΤΠ  |d ΠΑΠΑΣΩΤΗΡΙΟΥ 
970 |a ΒΑΡΚΑ  |b ΕΛΕΥΘΕΡΙΑ  |z 2007/03/29